Ako sa syn Boží stal človekom?

Bibliographic Details
Main Author: Forgan, Vladislav Ivan, 1935-2000 (Author)
Format: Book
Language:Slovak
PhysicalDescription:35 strán 21 cm
Published: Bratislava Ikar 1990
ISBN:8085198126
Series:Cesta k Pravde
Subjects:

MARC

LEADER 00000cam a2200000 a 4500
001 vtls001063194
003 SK-MaSNL
005 20260301000124.0
008 240322s1990 xo grf 000 0 slo
015 |a SNBA1990/08 
020 |a 8085198126  |q (brožované) 
035 |a D748B36D-EEA1-4362-ADD8-D3265CC08ECB 
035 |a SNK000006023 
035 |a urn:nbn:sk:snk-am003pui 
035 |a urn:nbn:sk:snk-amjakw 
040 |a SNK  |b slo  |c SNK  |e AACR2 
041 0 |a slo 
044 |a xo  |c SK 
072 7 |a 27-1/-2  |x Kresťanská teológia. Dogmatická teológia  |2 konspekt 
072 7 |a 2-1  |x Prirodzená teológia. Náboženská filozofia  |2 konspekt 
080 |a 27-185.53  |2 2011 
080 |a (0.064)  |2 2011 
080 |a (035)  |2 2011 
080 |a 2-184  |2 2011 
100 1 |a Forgan, Vladislav Ivan,  |d 1935-2000  |4 aut  |9 276956 
245 1 0 |a Ako sa syn Boží stal človekom?  |c V.I. Forgan 
260 |a Bratislava  |b Ikar  |c 1990 
300 |a 35 strán  |c 21 cm 
490 1 |a Cesta k Pravde  |v 4. 
500 |a Vydal Spolok svätého Vojtecha, Trnava 
500 |a Obsahuje 3 kapitoly 
521 |a Záujmový náklad pre Spolok svätého Vojtecha 
600 0 7 |a Ježiš Kristus  |2 SNKMA 
600 0 7 |a Mária,  |c matka Ježišova, svätá  |2 SNKMA  |9 157751 
650 0 7 |a vykúpenie  |2 SNKPH  |9 22783 
650 0 7 |a vtelenie Ježiša Krista  |2 SNKPH  |9 68932 
650 0 7 |a príchod Krista  |2 SNKPH  |9 276957 
650 0 7 |a Boh a človek  |2 SNKPH  |9 1711 
655 7 |a výklady  |2 SNKPH  |9 29178 
655 7 |a príručky  |2 SNKPH  |9 74364 
710 2 |a Spolok sv. Vojtecha (Trnava, Slovensko)  |4 pbl  |9 34261 
740 0 2 |a Ako sa mohlo uskutočniť vykúpenie? 
740 0 2 |a Ako sa uskutočnilo vtelenie? 
740 0 2 |a Aká bola Matka Vykupiteľa? 
830 0 |a Cesta k Pravde  |9 276958 
852 |a Slovenská národná knižnica 
919 |a 80-85198-12-6 
954 |a odborná, vedecká literatúra pôvodná (slovenská)  |2 lita 
954 |a duchovná literatúra pôvodná (slovenská)  |2 lita 
958 |a EUIPO 
958 |a RK 
958 |a TL 
958 |a NT 
958 |a OND 
999 |c 532003  |d 533933 
952 |t P60, <04>, [BOOK], {604}  |a SNK  |b SNK  |y VYP  |7 0  |p 17A0339812  |o snkSC 78471 D1  |i snkKSP 9593/90  |0 0  |1 0  |4 0  |d 2002-04-11  |f 1  |l 0  |r 2004-12-31 00:00:00  |w 2026-02-23 
952 |a SNK  |b SNK  |y PREZ  |7 0  |p 17A0991451  |o snkSC 78471  |0 0  |1 0  |4 0  |d 2012-08-09  |l 0  |r 2026-02-23 12:11:18  |w 2026-02-23